| 000 | 01013cam a2200217 4500 | ||
|---|---|---|---|
| 001 | J124333 | ||
| 008 | 031114n2003 000 0 eng u | ||
| 035 | _a(Sirsi) u124333 | ||
| 041 | _aeng | ||
| 050 |
_a333.72 _c18 |
||
| 110 |
_aBritish Standards Institution _9130 |
||
| 245 |
_aEnvironmental management _ba quick guide to ISO 14001 |
||
| 260 |
_aLondon _bBSI _c2003 |
||
| 520 | _aThis guide provides a basic introduction to the concept of environmental management systems and ISO 14001 "Environmental management systems: specification with guidance for use". | ||
| 520 | _aAvailable to download free of charge at http://emea.bsi-global.com. Users need to register first. | ||
| 650 | _aENVIRONMENTAL MANAGEMENT SYSTEMS | ||
| 650 | _aISO 14001: 1996 | ||
| 690 | _aENVIRONMENTAL AND LAND CONSULTANCY-ENVIRONMENTAL MANAGEMENT | ||
| 856 |
_uhttps://emea.bsi-global.com/Environment/EMSQuickGuide/index.xalter _zView "Environmental management: a quick guide to ISO 14001" on the BSI website... |
||
| 942 | _n0 | ||
| 999 |
_c103204 _d103204 |
||